| 000 | 01252nam0a22002531 4500 | ||
|---|---|---|---|
| 001 | rc\447049 | ||
| 005 | 20030616171412.8 | ||
| 035 | _a(NLR Aleph) 005692422 | ||
| 090 |
_a7190209 _c7190209 |
||
| 100 | _a20030616d1987 u |0rusy50 ca | ||
| 101 | 0 | _arus | |
| 102 | _aRU | ||
| 105 | _aa ||||||||| | ||
| 200 | 1 |
_aСовершенствование методических приемов обработки и интерпретации данных ГИС с применением ЭВМ _eСб. науч. тр. Центр. геофиз. экспедиции _fМ-во нефт. пром-сти, ВНИИ орг., управления и экономики нефтегазовой пром-сти _gПод общ. науч. руководством С.Б. Денисова |
|
| 210 |
_aМ. _cВНИИОЭНГ _d1987 |
||
| 215 |
_a84, [2] с. _cил. _d21 |
||
| 320 | _aБиблиогр. в конце ст. | ||
| 702 | 1 |
_aДенисов _bС. Б. _gСергей Борисович _4570 |
|
| 712 | 0 | 1 |
_aСССР _bМ-во нефтяной промышленности _bЦентральная геофизическая экспедиция |
| 801 | 0 |
_aRU _bNLR _gpsbo |
|
| 801 | 1 |
_aRU _bELAR _2rusmarc |
|
| 852 |
_aNLR _j87-4/12026 |
||
| 942 | _cBOOK | ||
| 980 | _aNB | ||